000 00579nam a22001577a 4500
005 20120504151924.0
020 _a8171882269
_c00.00
035 _aB-45766
037 _aDPL
_bENG
100 _aKapila, Uma
_946435
245 _aUnderstanding the problems of Indian economy /
_cby Uma Kapila
260 _aDelhi
_bAcademic Foundation
_c2001
300 _a494p.
_c20 cms.
942 _2ddc
_cEN
_h330.954
_mUMA
999 _c66181
_d66181